[Event "Leon 17th"]
[Site "Leon"]
[Date "2004.06.05"]
[Round "1.5"]
[White "Shirov, Alexei"]
[Black "Radjabov, Teimour"]
[Result "0-1"]
[WhiteElo "2713"]
[BlackElo "2670"]
[Annotator "Avrukh,B"]
[PlyCount "64"]
[EventDate "2004.06.04"]
[EventType "k.o. (rapid)"]
[EventRounds "2"]
[EventCountry "ESP"]
[SourceTitle "CBM 102"]
[Source "ChessBase"]
[SourceDate "2004.09.23"]
[SourceVersion "1"]
[SourceVersionDate "2004.09.23"]
[SourceQuality "1"]

1. e4 c5 2. Nf3 Nc6 3. Bb5 g6 4. Bxc6 dxc6 5. d3 Bg7 6. h3 b6 ({Normally Black
chooses} 6... Nf6) ({or} 6... e5) 7. O-O Nh6 {Strangely enough, but I managed
to find only one game in my database, where the present position has been
occured.} ({More common reply is} 7... e5) 8. Bd2 $2 {[%csl Rb2]} (8. Nc3 O-O
9. Be3 f6 10. a3 a5 11. Nh2 e5 12. Qd2 Nf7 13. Rab1 a4 14. f4 exf4 15. Bxf4 Be6
16. Kh1 f5 $11 {1-0 Jakovenko,D-Cherniaev,A/Krasnodar 2002/CBM 91/[Hecht] (61)}
) 8... f6 $2 {[%cal Gh6f7]} (8... O-O $140 $2 9. Qc1 {[%csl Gh6]}) ({In my
opinion Black could have bravely took the b2-pawn.} 8... Bxb2 $1 9. Bxh6 (9.
Nc3 Bxa1 10. Qxa1 Ng8 11. Nd5 f6 $17) (9. Na3 Ng8 10. Nc4 Bxa1 11. Qxa1 Nf6 $17
) 9... Bxa1 10. c3 Ba6 11. Ne1 Qd7 $1 {[%csl Gd3][%cal Ge8c8] with clear
advantage.}) 9. e5 O-O 10. exf6 exf6 11. Bc3 Nf7 $11 12. Nbd2 Nd6 $1 {[%cal
Gd6b5] Black's knight is perfectly placed on d6, controling the important c4
and e4 squares and at he same time black is threatening 13...Nb5.} 13. b3 Be6 (
13... Nb5 $140 14. Bb2) 14. Re1 Qd7 15. Nc4 $6 (15. Ne4 $142 Nb5 16. Bb2 Rae8
$140 (16... Nd4 $142) 17. c4 Nd4 18. Nxd4 cxd4 19. Ba3 c5 20. b4 $1) 15... Nf5
$1 $15 {[%csl Gd4]} ({Certainly much weaker} 15... Nxc4 $143 16. bxc4 {[%cal
Ga2a4,Ga4a5]}) 16. Qd2 (16. Ne3 Nd4) 16... Bd5 17. Nh2 {[%cal Gh2g4]} Bh6 $1 (
17... Nd4 {was another interesting option.}) 18. Ne3 $2 (18. f4 $140 Qc7 {
[%csl Gf4]} 19. Rf1 Ng3 20. Ng4 Bxf4 $17 {[%cal Gg3e2]}) (18. Qd1 $142 Nd4 19.
Ng4 Bg7 20. Nge3 Bf7 $15) 18... Nxe3 $2 ({Here Teimour had missed a great
tactical opportunity:} 18... Bxg2 $3 {A terrific blow,which decides the game
immediately.} 19. Nhg4 (19. Kxg2 Nh4+ 20. Kh1 (20. Kg3 Qd6+ 21. Kxh4 Bg5+ 22.
Kg4 Qf4#) 20... Qxh3 {[%cal Gh4f3]} 21. Qe2 Bf4 22. f3 Rae8 $19) 19... Bf3 $1 {
[%csl Rg1]} 20. Nxf6+ Rxf6 21. Bxf6 Nd4 $19 {[%cal Gd7h3]}) 19. fxe3 Rae8 20.
Qf2 $11 ({A funny line could have appeared after:} 20. Ng4 Bg5 21. Qf2 f5 22.
Qh4 $5 Qg7 $3 (22... Bxh4 $140 $4 23. Nh6#) 23. Bxg7 Bxh4 24. Bxf8 fxg4 $11 {
with equality}) 20... f5 21. Re2 Bg7 $1 {Sooner or later Black has to trade
dark-squared bishops, actually now it's the right moment to do it, since Black
queen will be perfectly placed on g7.} (21... Re7 22. Rae1 Rfe8 23. e4 $140 $1
fxe4 24. Ng4 $40) 22. Bxg7 Qxg7 23. Rae1 a5 24. Qf4 (24. c4 Be6 25. d4 {
[%csl Ge5][%cal Gh2f3] looks more logical}) 24... g5 25. Qg3 h6 26. h4 Rf6 (
26... gxh4 $140 $2 27. Qxg7+ (27. Qxh4 $140 $2 Rxe3 $17 {[%csl Gg2]}) 27...
Kxg7 28. Rf1 {[%csl Gf5,Gh4,Gh6][%cal Gf1f4]}) 27. hxg5 hxg5 28. Rf1 {[%csl
Gf5,Gg5]} f4 {[%csl Ge2]} 29. Qe1 Ref8 30. Ng4 Rg6 31. exf4 $4 $138 {A
completely suicide decision. It's hard to explain Shirov's last move, even if
he missed black's 32th move, it's absolutely clear, that White cannot open the
g-file.} ({After the right :} 31. Ref2 Be6 32. Qe2 {the position remains equal.
}) 31... gxf4 $19 {[%csl Gg2]} 32. Re7 Qd4+ (32... Qd4+ 33. Qf2 Rxg4) 0-1

[Event "Leon 17th"]
[Site "Leon"]
[Date "2004.06.05"]
[Round "1.6"]
[White "Radjabov, Teimour"]
[Black "Shirov, Alexei"]
[Result "0-1"]
[WhiteElo "2670"]
[BlackElo "2713"]
[PlyCount "92"]
[EventDate "2004.06.04"]
[EventType "k.o. (rapid)"]
[EventRounds "2"]
[EventCountry "ESP"]
[SourceTitle "CBM 102"]
[Source "ChessBase"]
[SourceDate "2004.09.23"]
[SourceVersion "1"]
[SourceVersionDate "2004.09.23"]
[SourceQuality "1"]

1. d4 d5 2. c4 c6 3. Nc3 Nf6 4. cxd5 cxd5 5. Bf4 Nc6 6. e3 a6 7. Nf3 Bg4 8. Be2
e6 9. O-O Bd6 10. Bxd6 Qxd6 11. Rc1 O-O 12. h3 Bxf3 13. Bxf3 Rac8 14. Qa4 Nd7
15. Be2 Nb6 16. Qc2 Ne7 17. Bd3 h6 18. Qb3 Rc6 19. Ne2 Rfc8 20. Rxc6 Rxc6 21.
Rc1 Qc7 22. Rxc6 Nxc6 23. Nc3 Nd7 24. a3 b5 25. Qc2 Nb6 26. Nb1 Qd6 27. Nd2 e5
28. dxe5 Nxe5 29. Be2 Nec4 30. Nf3 g6 31. Nd4 h5 32. h4 Nd7 33. g3 Nf6 34. Bd3
Ng4 35. Bxc4 dxc4 36. a4 Nxe3 37. fxe3 Qxg3+ 38. Kf1 Qxe3 39. Qf2 Qd3+ 40. Kg2
bxa4 41. Nf3 c3 42. bxc3 a3 43. Nd2 a2 {Die folgende Zugsequenz ist
einigermaßen unwahrscheinlich.} 44. Nb3 f6 (44... Qd5+ {sieht überzeugender
aus.}) 45. c4 (45. Qxa2 {führt zum Remis.}) 45... g5 {Plausibler ist} (45...
Qxb3) 46. Na1 Kf8 {Jetzt kommt 47.Df6:+ nebst 48.hg5: mit Gewinn durchaus in
Betracht.} 0-1

[Event "Leon 17th"]
[Site "Leon"]
[Date "2004.06.05"]
[Round "1.7"]
[White "Radjabov, Teimour"]
[Black "Shirov, Alexei"]
[Result "0-1"]
[WhiteElo "2670"]
[BlackElo "2713"]
[Annotator "Lutz,C"]
[PlyCount "94"]
[EventDate "2004.06.04"]
[EventType "k.o. (rapid)"]
[EventRounds "2"]
[EventCountry "ESP"]
[SourceTitle "CBM 102"]
[Source "ChessBase"]
[SourceDate "2004.09.23"]
[SourceVersion "1"]
[SourceVersionDate "2004.09.23"]
[SourceQuality "1"]

1. d4 d5 2. c4 c6 3. Nc3 Nf6 4. e3 e6 5. Nf3 Nbd7 6. Qc2 Bd6 7. g4 dxc4 8. Bxc4
e5 $5 {Dieser Verteidgung gegen den Shabalov-Angriff wurde bislang selten
gespielt, ist jetzt aber stark im Kommen.Immerhin folgt 8...e5 einem gesunden
strategischen Prinzip: Einem Angriff am Flügel (7.g4) wird ein Gegenstoß im
Zentrum entgegengesetzt.} 9. g5 (9. h3 {0-1 Kempinski,R-Lastin,A/Tripoli 2004/
CBM 102 (40)}) 9... Nd5 10. Bd2 (10. Ne4 {1/2-1/2 Aleksandrov,A-Nakamura,H/
Tripoli 2004/CBM 102 (29)}) 10... exd4 (10... O-O {1/2-1/2 Vorobiov,E-Galkin,A/
Tomsk 2004/CBM 102 (18)}) 11. Nxd4 (11. Nxd5 cxd5 12. Bxd5 dxe3 (12... O-O 13.
Nxd4 Qxg5 14. Be4 Nf6 15. Bf3 Bg4 16. Rg1 Rac8 17. Qd3 Qh4 $36 {0-1 Szeberenyi,
A-Mann,G/Budapest 1997/CBM 61 ext (63)}) 13. fxe3 Nb6 14. Bb3 Be6 15. Bxe6 fxe6
16. Qb3 Qe7 17. Nd4 Qxg5 18. Qxe6+ Qe7 19. Rf1 Rf8 20. Ke2 Rxf1 21. Rxf1 Qxe6
22. Nxe6 g6 23. e4 Kd7 24. Ng5 h6 25. Nf3 Re8 26. Bxh6 Rxe4+ 27. Kd3 {1/2-1/2
Krasenkow,M-Dokhoian,Y/Germany 1993/GER-chT (27)}) (11. Qe4+ Ne7 12. Qxd4 Nf5
13. Qe4+ Ne7 14. Qc2 Nb6 15. Be2 Bf5 16. Ne4 Bc7 17. Nd4 Bg6 18. h4 h5 19. Bd3
Qd5 20. O-O-O Qxa2 21. Nb3 O-O-O $40 {0-1 Malaniuk,V-Ivanovic,B/Cetinje 1993/
EXT 2002 (51)}) 11... O-O $1 {Shirov wandte diese Idee zum ersten Mal in
seiner Schnellpartie gegen Gelfand (siehe unten) an. Im Vergleich zu den
Alternativen 11...N5b6 und 11...N7b6 legt Schwarz noch nicht offen, wie er
sich weiter entwickeln will.} (11... N5b6 12. Be2 Be5 13. O-O-O Bxd4 14. exd4
Nf8 15. Rhe1 Ne6 16. Bd3 $40 Kf8 17. Be3 Nc7 18. d5 Nbxd5 19. Bxh7 Be6 20. Nxd5
cxd5 21. Bc5+ Ke8 22. g6 Qg5+ 23. Be3 Qe7 24. Kb1 Rc8 25. gxf7+ Kxf7 26. Bc5
Qf6 27. Bd4 Qh6 28. Bf5 Nb5 29. Rxe6 Qf4 30. Re7+ Kxe7 31. Bxc8 Nxd4 32. Re1+
Kd6 33. Qg6+ Qf6 34. Qg3+ Kc6 35. Rc1+ Kb5 36. Qd3+ Kb6 37. Bd7 {1-0 Mozetic,
D-Blagojevic,D/Podgorica 1996/CBM 53 (37)}) (11... N7b6 12. Nxd5 (12. Be2 Nxc3
13. Bxc3 Nd5 14. O-O-O Nxc3 15. Qxc3 O-O 16. h4 Qe7 17. Rhg1 c5 18. Nf3 f6 19.
Bc4+ Kh8 20. Qd3 $36 Bc7 21. Qd5 Be5 22. gxf6 Bxf6 23. Ng5 Bxg5 24. Rxg5 h6 25.
Qxc5 Qf6 26. Rg6 Qf5 27. Qd6 Bd7 28. Bd3 Rac8+ 29. Kb1 Rc6 30. Bxf5 Bxf5+ 31.
Ka1 Rfc8 32. Qd8+ {1-0 Bagirov,V-Kleeschaetzky,R/Giessen 1993/GER (32)}) 12...
cxd5 13. Bd3 Bd7 14. Nb5 Bxb5 15. Bxb5+ Kf8 16. h4 Rc8 17. Qb3 Qe7 18. Be2 Kg8
$13 19. Rd1 g6 20. Bc3 Be5 21. Bb4 Qe6 22. f4 Bd6 23. Bc3 Qxe3 24. Bxh8 Qxb3
25. axb3 Kxh8 26. Bd3 Bxf4 27. Rf1 Bg3+ 28. Ke2 Kg7 29. Kf3 Be5 30. Rf2 Nd7 31.
Re1 f6 32. Kg2 a6 33. b4 h6 34. gxh6+ Kxh6 35. Kh3 Bd4 36. Rg2 Rg8 37. Re7 Ne5
38. Bc2 b5 39. h5 f5 40. Bxf5 Rf8 41. Bxg6 Rf3+ 42. Kh2 Nxg6 43. hxg6 Bg7 44.
Re6 d4 45. Rxa6 d3 46. Ra1 Be5+ 47. Kh1 Rh3+ 48. Kg1 Bd4+ 49. Rf2 Rf3 50. Raf1
d2 {0-1 Krush,I-Stripunsky,A/New York 2002/EXT 2004 (50)}) 12. Nxd5 (12. Ne4
Ne5 13. Be2 Bb4 14. O-O-O Bxd2+ 15. Rxd2 Nb4 16. Qb3 Qe7 17. a3 c5 18. axb4
cxd4 19. exd4 Ng6 20. f3 Bf5 21. Bd3 Bxe4 22. fxe4 Qxg5 23. Kb1 Qxd2 {0-1
Gelfand,B-Shirov,A/Monaco 2004/CBM 99 ext (23)}) (12. Bxd5 {0-1 Aronian,
L-Smirnov,P/Tripoli 2004/CBM 102 (92)}) 12... cxd5 13. Bd3 g6 14. h4 {Weiß
geht direkt am Königsflügel vor. Weiß hat Spiel auf den schwarzen Feldern und
kann die h-Linie öffnen. Dagegen kann Schwarz auf den weißen Felder aktiv
werden und Weiß muss sich auch noch um seinen König kümmern.} Nc5 $5 {Die
Abweichung gegenüber 14...Ne5, was Shirov in seiner ersten Schnellpartie gegen
Radjabov spielte.} (14... Ne5 {1/2-1/2 Radjabov,T-Shirov,A/Leon 2004/CBM 102 
(19)}) 15. f4 Bg4 16. Bc3 Re8 17. Kf2 Qd7 18. h5 Nxd3+ 19. Qxd3 Re4 (19... Bxh5
$2 20. Rxh5 gxh5 21. Nf5 $40) 20. hxg6 fxg6 21. Rh4 Rf8 {Weiß will auf der
h-Linie verdoppeln, aber Schwarz droht nun mit dem Einschlag auf f4.} 22. Ne2
$2 Bc5 $2 (22... Qf5 $1 {mit den Drohungen ...Rxf4+ und ...Qxg5 hätte Schwarz
klaren Vorteil gegeben:} 23. Ke1 Rfe8 $17) 23. Nd4 Bd6 24. Rah1 {Das ist
besser als wieder 24.Ne2.} Bxf4 {Mit diesem Opfer erhält Schwarz Turm und zwei
Bauern gegen zwei Leichtfiguren.} 25. exf4 Rexf4+ 26. Ke1 Qe7+ 27. Kd2 (27. Ne2
Re8 28. Rxg4 Rxg4 29. Qxd5+ Qe6 30. Qxe6+ Rxe6 31. Kf2 Rxg5 $15 {ist besser
für Schwarz.}) 27... Qxg5 28. Kc2 Bd1+ 29. Rxd1 Rxh4 30. Kb3 {Die Stellung ist
jetzt sehr scharf, da beide Könige offen stehen, aber Schwarz steht angenehmer.
} Re4 31. Qb5 Qe7 32. Bb4 (32. Qxd5+ Qf7) 32... Re3+ 33. Ka4 a6 34. Qxd5+ Qf7
35. Qc5 $2 {Nach dem Damentausch 35.Qxf7+ steht Schwarz gut, da seine
Freibauern sehr gefährlich sind. Der Textzug verliert jedoch sofort.} Qe8+ 36.
Nb5 (36. Ka5 Re5) 36... Qxb5+ 37. Qxb5 axb5+ 38. Kxb5 Rf5+ 39. Kb6 Re6+ 40. Ka7
h5 41. Rd8+ Kf7 42. Rd7+ Kf6 43. Bc3+ Kg5 44. Kxb7 h4 45. a4 h3 46. a5 h2 47.
Rd1 Rf7+ 0-1

[Event "FIDE-Wch k.o."]
[Site "Tripoli"]
[Date "2004.06.20"]
[Round "1.2"]
[White "Radjabov, Teimour"]
[Black "Bartel, Mateusz"]
[Result "1-0"]
[WhiteElo "2670"]
[BlackElo "2501"]
[Annotator "Roiz,M"]
[PlyCount "49"]
[EventDate "2004.06.19"]
[EventType "k.o."]
[EventRounds "7"]
[EventCountry "LBY"]
[SourceTitle "CBM 102"]
[Source "ChessBase"]
[SourceDate "2004.09.23"]
[SourceVersion "1"]
[SourceVersionDate "2004.09.23"]
[SourceQuality "1"]

1. d4 f5 2. c4 Nf6 3. Nc3 g6 {In my opinion,black should choose the more solid
3...e6,as 3.Nc3 gives white good attacking possibilities.} 4. h4 $5 {That
sharp variation is a possible way to fight against the Leningrad system if you
want to avoid a discussion in the main theoretical lines with 4.g3 Bg7 5.Bg2
0-0 6.Nf3 d6 7.0-0. That move is usually connected with a sacrifice on h5,and
black must play very accurately in order to avoid a great danger.} d6 $6 {
That looks logical-black is immediately freeing a space for his king.But in my
opinion,better was to take care about completing development.} ({The main
continuation here is:} 4... Bg7 5. h5 Nxh5 6. e4 Nf6 $1 7. e5 (7. exf5 $5 gxf5
8. Bh6 Bxh6 9. Rxh6) (7. Bd3 d6 8. exf5 Bxf5 9. Bxf5 gxf5 10. Nf3 Qd7 11. Qe2
Ng4 12. d5 Na6 13. Be3 Bxc3+ 14. bxc3 Nxe3 15. Qxe3 Nc5 16. Ng5 Rg8 17. Rxh7 f4
18. Qh3 O-O-O 19. Rxe7 Qxh3 20. Nxh3 Rxg2 $11 {1-0 Bunzmann,D-Berg,E/Germany
2001/CBM 82 ext (31)}) 7... Ne4 (7... Ng8 $2 8. f4 d6 9. Nf3 Nh6 10. Bd3 Ng4
11. Qe2 dxe5 12. fxe5 Nc6 13. Be3 Nb4 14. O-O-O Nxd3+ 15. Rxd3 a6 16. d5 $16 {
1-0 Miladinovic,I-Skembris,S/Athens 1996/EXT 2004 (34)}) 8. Nxe4 (8. Nf3 Nxc3
9. bxc3 d6 10. Bh6 Bxh6 11. Rxh6 Nd7 12. e6 Nf6 13. Ng5 c6 14. Bd3 Qa5 15. Qd2
Rg8 16. f3 Rg7 17. Kf2 b6 18. Rah1 Ba6 19. Nxh7 Ng8 20. R6h3 O-O-O $132 {
1-0 Piket,J-Salov,V/Brussels 1992/CBM 29 ext (48)}) 8... fxe4 9. Bh6 Bxh6 10.
Rxh6 d6 (10... c5 $2 11. d5 Qc7 12. f4 $1 b5 13. Ne2 d6 14. e6 Na6 15. Nc3 bxc4
16. Qg4 Bb7 17. Qxg6+ Kd8 18. Rxh7 {1-0 Piket,J-Onischuk,A/Biel 1999/EXT 2000 
(18)}) 11. Qe2 $6 dxe5 12. d5 Qd6 13. O-O-O Nd7 14. Qxe4 Nf6 15. Qh4 Bf5 16.
Be2 Qa6 $17 {0-1 Bunzmann,D-Grabarczyk,B/Darmstadt 2001/CBM 81 (53)}) 5. h5
Nxh5 (5... Bg7 6. hxg6 (6. h6 $5 Bf8 7. Bg5 e6 8. Nh3 Be7 9. g3 d5 10. Bg2 c6
11. Qb3 $14 {1-0 Djurhuus,R-Logdahl,H/Sweden 2002/EXT 2003 (37)}) 6... hxg6 7.
Rxh8+ Bxh8 8. Qd3 Nc6 9. Nf3 Ng4 10. Bg5 Qd7 11. Rd1 $14 {1-0 Chernyshov,
K-Dzhumaev,M/Cappelle la Grande FRA 2004 (38)}) 6. Rxh5 $1 {The most logical
continuation of white's plan-otherwise black could remove his knight and save
a normal pawn structure on the kside.} ({Weaker is:} 6. e4 Nf6 (6... Ng7 7.
exf5 Bxf5 8. g4 Be6 9. Bd3 Qd7 10. Bxg6+ Kd8 11. Be4 c6 12. f3 Bxc4 13. Rxh7
Rxh7 14. Bxh7 Qe6+ 15. Kf2 Qf6 16. Bc2 Ne6 17. Nge2 Nd7 18. Be3 Nb6 19. Bb3 Bg7
20. d5 Nxd5 21. Nxd5 cxd5 22. Bxc4 dxc4 23. Qd5 Rc8 24. Bxa7 Rc6 25. Rc1 Nf4
26. Nxf4 Qxf4 27. Rh1 Bxb2 28. Be3 Qe5 29. Qg8+ Kd7 30. Rh5 Qf6 31. Rb5 Rc7 32.
Qb8 Qh4+ 33. Kg2 Qe1 34. Rxb7 Qe2+ 35. Bf2 Rxb7 36. Qxb7+ Ke6 37. Qc8+ Kf7 38.
Qf5+ Bf6 39. g5 Qe5 40. Qh7+ Bg7 41. Qh5+ Kf8 42. Qg4 c3 43. a4 e6 44. a5 c2
45. Bg3 Qe2+ 46. Kh3 c1=Q 47. Bxd6+ Kg8 {0-1 Lafuente,P-Rodriguez,A/Villa
Martelli 2002/EXT 2004 (47)}) 7. Bd3 Nc6 8. exf5 Bxf5 9. Bxf5 gxf5 10. Bg5 Bg7
11. Bxf6 Bxf6 12. Qh5+ Kd7 $15 {0-1 Burnett,R-Hoang Thanh Trang/Budapest 2003/
CBM 94 ext (33)}) 6... gxh5 7. e4 c6 {Black takes control on important spot d5
and preparing a ''safe road'' for his king to c7. However,now white wins 2
pawns and gets a dangerous initiative.} ({Black has also tried:} 7... Be6 8.
Qxh5+ Bf7 9. Qxf5 Qd7 10. Qf3 Nc6 11. Be3 h5 12. Qe2 Bg7 13. O-O-O e6 14. f4
$16 {0-1 Oliwa,P-Kolosowski,P/Sopot 1997/EXT 2003 (47)}) (7... Bg7 8. Qxh5+ Kd7
9. Be3 c6 10. Qxf5+ Kc7 11. Qa5+ b6 12. Qa3 Nd7 13. O-O-O Qf8 14. Nge2 Nf6 15.
c5 $16 {1-0 Hoffman,A-Rodriguez,A/Santos 2003/CBM 95 (62)}) (7... Qd7 8. Qxh5+
Kd8 9. Nf3 Qe8 10. Qh4 fxe4 11. Ng5 h6 12. Ngxe4 Bg7 13. Be3 Bf5 14. O-O-O $44
{0-1 Zsinka,L-Almasi,I/Hungary 1999/EXT 2000 (60)}) (7... fxe4 8. Qxh5+ Kd7 9.
Be3 Qe8 10. Qh4 c6 11. Nxe4 Kc7 12. Ne2 Bf5 13. N4g3 Bd3 14. Nf4 Bxf1 15. Ne6+
Kc8 16. Kxf1 $44 {1-0 Narciso Dublan,M-Bor,W/Barcelona 2002/CBM 90 ext (26)
although white has a sufficient compensation at least.}) 8. Qxh5+ Kd7 9. Qxf5+
Kc7 10. Qa5+ {Now white has a full compensation for a minimal deficit of
material.} (10. Qf7 Bd7 11. c5 Kc8 12. Nf3 Be8 13. Qe6+ Qd7 14. Qb3 Na6 15. Bf4
Nc7 16. O-O-O Qg4 17. Be3 {1/2-1/2 Skytte,R-Dworakowska,J/Aarhus 2003/CBM 97 
(17)}) 10... b6 11. Qa4 ({Deserves attention also:} 11. Qa3 $5 Bg7 12. Be3 c5
13. O-O-O) 11... Bg7 12. Be3 {[%cal Ge1c1,Gf2f4,Ge4e5]} c5 $1 $146 {Black's
only counterplay connected with that breakthrough-otherwise white would
complete development and seize a space by advancing his central pawns.} (12...
Nd7 13. Nf3 (13. f4 $5) 13... c5 14. Ng5 Kb7 15. Nf7 Qe8 16. Nxh8 cxd4 17. c5
dxe3 18. c6+ Kb8 19. c7+ $2 (19. Nd5 exf2+ 20. Kd2 $18) 19... Kxc7 20. Nd5+ Kd8
21. Qc6 exf2+ 22. Kd2 Bh6+ 23. Kc2 Qxh8 24. Qxa8 Qd4 $19 {0-1 Csomos,
R-Beuchler,H/Debrecen 1993/EXT 2000 (28)}) 13. O-O-O {That allows black to
swap the dark-squared bishops.} ({The alternative was:} 13. Nge2 Bd7 14. Qa3
Nc6 15. dxc5 bxc5 16. O-O-O $44) 13... Bd7 14. Qa3 Nc6 (14... cxd4 $5 15. Bxd4
Bxd4 16. Rxd4 Nc6 17. Rd2 Rc8 $13) 15. dxc5 bxc5 $2 {That natural tackle is a
serious mistake,which allows white to develop a strong initiative.} ({Correct
was:} 15... dxc5 16. f4 ({or} 16. Nf3 Kb7) (16. e5 $5 Bxe5 17. Nf3 Bg7 18. Bd3
$44) 16... Kb7 17. Nf3 Qe8 18. Qb3 (18. e5 Rd8 $132) 18... Nb4 $1 $132 {
[%cal Gg7c3,Gd7a4,Gd7c6] with a very complicated position.}) 16. f4 $1 {
[%csl Rd6][%cal Ge4e5] White exploits a drawback of black's pawn structure.
After e4-e5 black couldn't keep a material ballance anymore.} Qb8 17. e5 $16 {
Black's main problem is a defecit of counterplay,as Bg7 is closed now.} Nb4 {
White is trying to keep control on important squares d5 and b5.} ({After} 17...
Re8 {white can just continue:} 18. Bd3 $16 {[%cal Gd3e4] with a great
advantage.} ({less clear is:} 18. exd6+ $6 exd6 19. Nb5+ Kd8 {[%csl Ge8,Gg7]
and black's pieces become active.})) 18. Nf3 {White is not in a hurry,as all
black's pieces are very passive and cannot create any counterplay.} a5 $2 {
That move is an additional loss of time which allows white to create a very
dangerous threats.} ({After the passive} 18... Re8 $6 {white can just continue:
} 19. Bd3 $1 {[%cal Gd3e4]} Nxd3+ 20. Rxd3 $16 {with a great advantage,as
black's active knight is not on the board.}) ({But much better was:} 18... Qb6
$1 {trying to regroup somehow the pieces} {For example:} 19. exd6+ ({nothing
special promises} 19. Ng5 Rhb8 $1 20. Nge4 Bc6 (20... Bf8 $5) 21. exd6+ exd6
22. Nxd6 Bxc3 23. bxc3 Qa6 24. Qxa6 Nxa6 $132) 19... exd6 20. Qxb4 cxb4 21.
Nd5+ Kb7 22. Bxb6 (22. Nxb6 axb6 23. Rxd6 Kc7) 22... axb6 23. Nxb4 Bg4 $14 {
and black is only slighty worse in the endgame.}) 19. Ng5 $1 {[%csl Rd6][%cal
Gg5e4,Gg5f7] White's knight will attack the most vulnerable target- the Pd6.}
Qe8 (19... Ra6 20. exd6+ Rxd6 (20... exd6 21. Nb5+ Bxb5 22. cxb5 $18) 21. Bxc5
Rxd1+ 22. Nxd1 $18) 20. Nb5+ {Exchanging the main defender of black's position.
} (20. Nd5+ Nxd5 21. Rxd5 $16) 20... Bxb5 (20... Kb7 21. exd6 Bxb5 22. cxb5 Qg6
(22... exd6 23. Rxd6 Bd4 24. Ne6 $16) 23. Bd3 Nxd3+ 24. Qxd3 $16) (20... Kb8
21. exd6 Bxb5 22. cxb5 Qg6 (22... exd6 23. Rxd6 Nxa2+ 24. Kd2 $1 Nb4 25. Bxc5
$18) 23. Bd3 Nxd3+ 24. Qxd3 $16) 21. cxb5 Qg6 {Black's king is very weak,so
black must swap the queens.} 22. Bd3 Nxd3+ 23. Qxd3 Qxd3 24. Rxd3 {Although
the queens are out of the board,black's position is practically lost,as all
his pawns are very vulnerable.} Kd7 $2 {A decisive mistake.} ({More resistant
was probably:} 24... Bf8 {[%cal Gh8g8] in order to activate the Rh8 via g8} 25.
a4 Rg8 26. Rd2 h6 27. Ne6+ Kb7 28. f5 $16 {although white's advantage is very
serious mainly due to passivity of black's pieces.}) 25. exd6 ({After} 25. exd6
c4 (25... Rhc8 26. Ne4 Bd4 27. dxe7 Kxe7 28. a4 $18 {[%csl Gb5,Rc5]}) 26. Rd1
exd6 (26... Rhd8 27. Bb6 Rdb8 28. dxe7+ Kxe7 29. Bc5+ Kf6 30. g4 $1 {[%cal
Gd1d6]} Rxb5 31. Re1 Ra6 32. Be7+ Kg6 33. f5+ $18) 27. Ne4 Ke7 28. Nxd6 Rhd8
29. Bc5 $18 {white's strong passed Pb5 will decide the game.}) 1-0